[Event "Santo Domingo Autumn op"]
[Site "Santo Domingo"]
[Date "2016.10.07"]
[Round "5"]
[White "Lorenzo De Los Santos, Luis L"]
[Black "Villafuerte, Alexander"]
[Result "1-0"]
[WhiteElo "2089"]
[BlackElo "2204"]
[PlyCount "90"]
[EventDate "2016.10.07"]
[EventType "swiss"]
[EventRounds "8"]
[EventCountry "DOM"]
[SourceTitle "CBM 175 Extra"]
[Source "ChessBase"]
[SourceDate "2016.12.12"]
[SourceVersion "1"]
[SourceVersionDate "2016.12.12"]
[SourceQuality "1"]

1. d4 Nf6 2. c4 e6 3. Nf3 Bb4+ 4. Bd2 a5 5. Nc3 0-0 6. a3 Bxc3 7. Bxc3 Ne4 8. Qc2 f5 9. b3 Nxc3 10. Qxc3 b6 11. g3 Bb7 12. Bg2 d6 13. 0-0 Nd7 14. Qe3 Qf6 15. Rad1 Rae8 16. b4 axb4 17. axb4 e5 18. dxe5 Nxe5 19. Nxe5 Bxg2 20. Kxg2 Rxe5 21. Qd2 Qe6 22. e3 Qxc4 23. Rc1 Qf7 24. Rc6 Ra8 25. Rfc1 Ra7 26. Qc3 Re7 27. h4 h6 28. Qd3 Qe6 29. R1c4 Qf7 30. Rf4 Re5 31. Rfc4 g6 32. Rc2 Re7 33. R6c4 Qe6 34. Rf4 c5 35. h5 gxh5 36. bxc5 dxc5 37. Rxf5 Qe4+ 38. Qxe4 Rxe4 39. Rf6 Rb4 40. Rxh6 Rc7 41. Rxh5 c4 42. Kf3 Rb1 43. e4 b5 44. e5 b4 45. e6 c3 1-0

[Event "Santo Domingo Autumn op"]
[Site "Santo Domingo"]
[Date "2016.10.07"]
[Round "7"]
[White "Villafuerte, Alexander"]
[Black "Reyes Rodriguez, Jhohansen"]
[Result "1-0"]
[WhiteElo "2204"]
[BlackElo "1497"]
[PlyCount "57"]
[EventDate "2016.10.07"]
[EventType "swiss"]
[EventRounds "8"]
[EventCountry "DOM"]
[SourceTitle "CBM 175 Extra"]
[Source "ChessBase"]
[SourceDate "2016.12.12"]
[SourceVersion "1"]
[SourceVersionDate "2016.12.12"]
[SourceQuality "1"]

1. e4 e6 2. d4 d5 3. e5 c5 4. c3 Qb6 5. Nf3 Nc6 6. Bd3 Bd7 7. 0-0 cxd4 8. cxd4 Nxd4 9. Nxd4 Qxd4 10. Nc3 Qb6 11. a4 Ne7 12. a5 Qc7 13. a6 Ng6 14. Nb5 Qb8 15. Qc2 Bc6 16. axb7 Qxb7 17. Nxa7 Nxe5 18. Nxc6 Nxc6 19. Rxa8+ Qxa8 20. Bb5 Kd7 21. Bf4 Bd6 22. Rc1 Rc8 23. Bxd6 Kxd6 24. Qc5+ Kd7 25. h3 Qb7 26. Ra1 Kc7 27. Bxc6 Qxc6 28. Qe7+ Kb6 29. Qa7+ 1-0

[Event "Santo Domingo Autumn op"]
[Site "Santo Domingo"]
[Date "2016.10.07"]
[Round "1"]
[White "Villafuerte, Alexander"]
[Black "Rojas Gomez, Ramon Andres"]
[Result "1-0"]
[WhiteElo "2204"]
[BlackElo "1813"]
[PlyCount "75"]
[EventDate "2016.10.07"]
[EventType "swiss"]
[EventRounds "8"]
[EventCountry "DOM"]
[SourceTitle "CBM 175 Extra"]
[Source "ChessBase"]
[SourceDate "2016.12.12"]
[SourceVersion "1"]
[SourceVersionDate "2016.12.12"]
[SourceQuality "1"]

1. e4 c6 2. d4 d5 3. e5 Bf5 4. Nf3 e6 5. Be2 Nd7 6. 0-0 Ne7 7. c4 Ng6 8. Nc3 Be7 9. Be3 0-0 10. Rc1 f6 11. exf6 Bxf6 12. h3 Nh4 13. b3 Rf7 14. Re1 Qf8 15. Ng5 Re7 16. g3 h6 17. gxh4 g6 18. Nf3 Bxh3 19. Qd2 Kh7 20. Bf4 Qg7 21. Bg3 g5 22. hxg5 hxg5 23. Bf1 Bf5 24. Bg2 Rf7 25. Ne5 Nxe5 26. dxe5 Be7 27. cxd5 cxd5 28. Nb5 Kg6 29. Rc7 Qh6 30. Rxb7 a5 31. Nd4 Bh3 32. Bxd5 Rd8 33. Be4+ Bf5 34. Nxf5 exf5 35. Rb6+ Kg7 36. Rxh6 Rxd2 37. Rh7+ Kxh7 38. Bxf5+ 1-0